Central Library OPAC University of Rajshahi

The golden franc : (Record no. 24551)

MARC details
000 -LEADER
fixed length control field 01200nam a2200301 a 4500
001 - CONTROL NUMBER
control field 24551
003 - CONTROL NUMBER IDENTIFIER
rucl marc code BD-RjUL
005 - DATE AND TIME OF LATEST TRANSACTION
control field 20211209001051.0
008 - FIXED-LENGTH DATA ELEMENTS--GENERAL INFORMATION
fixed length control field 140313s1991 cou b 001 0 eng
020 ## - INTERNATIONAL STANDARD BOOK NUMBER
International Standard Book Number 081338141X (alk. paper)
035 ## - SYSTEM CONTROL NUMBER
System control number (BD-RjUL)24618
040 ## - CATALOGING SOURCE
Original cataloging agency DLC
Transcribing agency DLC
Modifying agency DLC
-- BD-RjUL
Language of cataloging eng
041 1# - LANGUAGE CODE
Language code of text/sound track or separate title eng
Language code of original fre
082 00 - DEWEY DECIMAL CLASSIFICATION NUMBER
Classification number 332.110944
Edition number 20
Author mark and year MOG 1991
100 1# - MAIN ENTRY--PERSONAL NAME
Personal name Moreau, Emile,
Dates associated with a name 1868-1950.
9 (RLIN) 75557
245 14 - TITLE STATEMENT
Title The golden franc :
Remainder of title memoirs of a governor of the Bank of France : the stabilization of the franc (1926-1928) /
Statement of responsibility, etc. Emile Moreau ; translated by Stephen D. Stoller and Trevor C. Roberts.
260 ## - PUBLICATION, DISTRIBUTION, ETC. (IMPRINT)
Place of publication, distribution, etc. Boulder :
Name of publisher, distributor, etc. Westview Press,
Date of publication, distribution, etc. 1991.
300 ## - PHYSICAL DESCRIPTION
Pagination xxi, 574 p. ;
Size 24 cm.
500 ## - GENERAL NOTE
General note Translation of: Souvenirs dʾun gouverneur de la Banque de France.
504 ## - BIBLIOGRAPHY, ETC. NOTE
Bibliography, etc Includes bibliographical references (p. 537-565) and index.
610 20 - SUBJECT ADDED ENTRY--CORPORATE NAME
Corporate name or jurisdiction name as entry element Banque de France
650 #0 - SUBJECT ADDED ENTRY--TOPICAL TERM
Topical term or geographic name as entry element Banks and banking, Central
Geographic subdivision France
General subdivision History
Chronological subdivision 20th century.
9 (RLIN) 75559
Topical term or geographic name as entry element Currency question
Geographic subdivision France
General subdivision History
Chronological subdivision 20th century.
9 (RLIN) 75560
942 ## - ADDED ENTRY ELEMENTS (KOHA)
Source of classification or shelving scheme Dewey Decimal Classification
Koha item type Books
Holdings
Lost status Source of classification or shelving scheme Damaged status Not for loan Collection code Permanent Location Current Location Shelving location Date acquired Source of acquisition Total Checkouts Full call number Date last seen Copy number Koha item type
  Dewey Decimal Classification   Added to bundle Non-fiction Central Library, University of Rajshahi Central Library, University of Rajshahi Reading Room 09/09/1993 Asia Foundation, Gift.   332.110944 MOG 1991 13/03/2014 C-1 Books